Top 15 der betroffenen Covid-19-Länder - 11. August 2021 - Statistiken

Allgemein
  • Dieses Quiz wurde 29 mal gespielt
  • Das Durchschnittsergebnis liegt bei 14 aus 27
Antwortstatistiken
Land % Korrekt
Brasilien
96%
Vereinigte Staaten
96%
Indien
93%
Russland
93%
Deutschland
89%
Frankreich
89%
Spanien
89%
Italien
82%
Mexiko
79%
Vereinigtes Königreich
71%
Argentinien
64%
Kolumbien
54%
Indonesien
50%
Niederlande
50%
Türkei
50%
Belgien
46%
Schweden
46%
Iran
43%
Israel
29%
Tschechien
29%
Litauen
21%
Estland
18%
Slowenien
18%
Bahrain
14%
Panama
14%
Uruguay
11%
Georgien
7%
Keine übereinstimmenden Quizze gefunden
Verteilung der Resultate
Anzahl Personen mit jedem Resultat
Perzentil nach korrekt beantworteten Fragen
Ihre Resultats-Entwicklung
Sie haben dieses Quiz noch nicht gespielt